Triple H's WrestleMania Opponents - Sudden Death - Statistics

General Stats
  • This quiz has been taken 156 times
    89 since last reset
  • The average score is 14 of 22
Answers on the Grid
Answers color-coded by a green-red scale on the quiz's grid according to % correct below.
Henry O. Godwin
Goldberg
CM Punk
Eddie Guerrero
Edge
Mr. Perfect
Bret Hart
Razor Ramon
Dean Ambrose
Steve Austin
Ric Flair
Drew McIntyre
The Miz
Rey Mysterio
William Regal
Baron Corbin
AJ Styles
Dolph Ziggler
Jack Swagger
Wade Barrett
Bobby Lashley
Jeff Hardy
Kurt Angle
Seth Rollins
Roman Reigns
Sting
Daniel Bryan
Brock Lesnar
Sheamus
Randy Orton
John Cena
Batista
Booker T
Big Show
Mick Foley
The Rock
Chris Jericho
Chris Benoit
Owen Hart
Kane
Goldust
Shawn Michaels
The Undertaker
Ultimate Warrior
 
Answer Stats
Answer % Correct
Randy Orton
82%
The Undertaker
82%
Batista
78%
John Cena
78%
Roman Reigns
73%
Seth Rollins
73%
Brock Lesnar
71%
Chris Jericho
71%
Daniel Bryan
71%
Big Show
69%
Chris Benoit
67%
The Rock
67%
Sheamus
65%
Sting
65%
Ultimate Warrior
65%
Mick Foley
61%
Shawn Michaels
61%
Booker T
59%
Kane
49%
Goldust
43%
Kurt Angle
43%
Owen Hart
43%
No matching quizzes found
Score Distribution
Percent of People with Each Score
Percentile by Number Answered
Your Score History
You have not taken this quiz since the last reset